Great scientists of old as heretics in "the scientific method" /

Bibliographic Details
Main Author: Truesdell, C. (Clifford), 1919-2000
Format: Book
Language:English
Published: Charlottesville : University Press of Virginia, 1987.
Subjects:

MARC

Tag First Indicator Second Indicator Subfields
LEADER 00000cam a22000008a 4500
001 in00000007740
005 20151002060026.0
008 870203s1987 vaua 00010 eng
010 |a  87002187  
020 |a 0813911346 
035 |a (OCoLC)15224289 
035 |9 AAA0068AM 
040 |a DLC  |c DLC  |d m/c  |d TXA  |d UtOrBLW 
050 0 0 |a QC19.6  |b .T78 1987 
100 1 |a Truesdell, C.  |q (Clifford),  |d 1919-2000. 
245 1 0 |a Great scientists of old as heretics in "the scientific method" /  |c C. Truesdell. 
264 1 |a Charlottesville :  |b University Press of Virginia,  |c 1987. 
300 |a vi, 96 pages :  |b illustrations 
336 |a text  |b txt  |2 rdacontent 
337 |a unmediated  |b n  |2 rdamedia 
338 |a volume  |b nc  |2 rdacarrier 
650 0 |a Mathematical physics  |x History. 
650 0 |a Physics  |x Methodology  |x History. 
999 |a MARS 
999 f f |s 69139acf-8357-3fd3-afe9-a11d22914e49  |i 9f483186-1fa2-31b0-a867-f643899ef3e3  |t 0 
952 f f |p normal  |a Texas A&M University  |b College Station  |c Sterling C. Evans Library  |d Evans: Library Stacks  |t 0  |e QC19.6 .T78 1987  |h Library of Congress classification  |i unmediated -- volume  |m A14812603471 
998 f f |a QC19.6 .T78 1987  |t 0  |l Evans: Library Stacks